000 00329nam a2200157Ia 4500
100 _aKargupta/Hillol
650 _aData Mining
942 _cBK
366 _f25
245 _aData Mining
260 _bPrentice -Hall of India
_c2004
082 _a5.74
_bKAR
300 _a558
546 _aENGLISH
_celectronics
999 _c22145
_d22145